Νίκος Εγγονόπουλος
Αποθηκεύτηκε σε:
| Μορφή: | Βιβλίο |
|---|---|
| Γλώσσα: | Greek |
| Δημοσίευση: |
Αθήνα :
Εθνική Πινακοθήκη, Μουσείο Αλεξάνδρου Σούτζου,
1983
|
| Θέματα: | |
| Ετικέτες: |
Προσθήκη ετικέτας
Δεν υπάρχουν, Καταχωρήστε ετικέτα πρώτοι!
|
MARC
| LEADER | 00000nam a2200000 i 4500 | ||
|---|---|---|---|
| 001 | 1/82529 | ||
| 008 | 970311s1983 gre d | ||
| 035 | |a 1989 |b 3 |c Δωρεά |l 10033973 | ||
| 040 | |a GR-MY-UA |b gre |e aacr | ||
| 041 | 0 | |a gre | |
| 082 | 0 | |a 759.9495 | |
| 245 | 1 | 0 | |a Νίκος Εγγονόπουλος |
| 260 | |a Αθήνα : |b Εθνική Πινακοθήκη, |b Μουσείο Αλεξάνδρου Σούτζου, |c 1983 | ||
| 300 | |a 96 σ. | ||
| 500 | |a Ανω του τίτλου: Υπουργείο Πολιτισμού και Επιστημών | ||
| 505 | 0 | |a Το βιβλίο ειναι κατάλογος από την αναδρομική έκδοση που οργάνωσε η Εθνική Πινακοθήκη προς τιμήν του Νίκου Εγγονόπουλου | |
| 650 | 0 | 0 | |a Painters |z Greece. |
| 650 | 0 | 0 | |a Painting, Greek. |
| 852 | |a INST |b RHODES |e 19970311 |h 759.9495 ΝΙΚ |p 005400010303 |q 005400010303 |t BK |y 0 | ||
| 909 | |a Ρ |b 015021 |c 1989 | ||